00317pab a2200121 454500008004000000100002700040245005400067260000900121300001300130362001100143650002100154773002000175180718b2011 xxu||||| |||| 00| 0 eng d aBhardwaj, Amita Pandey aRe-engineering higher education: Need of the hour c2011 ap.14-16. a19 Dec aHigher education aUniversity News